000 00684nam a2200289Ia 4500
005 20260324125428.0
008 008 260324s9999 xx 000 0 eng d
020 _a9780203867464
037 _aEBOOK
040 _aCRL
040 _beng
040 _cCRL
041 _2eng
041 _aeng
084 _qCRL
100 _aAri Hirvonen; Janne Porttikivi
_91177948
245 0 _aLaw and Evil
245 0 _bPhilosophy, Politics, Psychoanalysis
260 _bTaylor and Francis
260 _c2009
365 _a
365 _b240
856 _uhttp://www.taylorfrancis.com/books/9780203867464
942 _cEBOOK
999 _c1773199
_d1773199